Actas do V Simposio Iberoamericano de Catalise = proceeding of the Vth ibero-american symposium on catalysis /

Guardado en:
Autor Corporativo: Simpósio Ibero-Americano de Catálise Lisboa, Portugal)
Otros Autores: Portela, M. Farinha, (Editor , ed.), Pulido, Carlos M., (Editor , ed.)
Formato: Libro
Idioma:Portuguese
English
Spanish
Publicado: Lisboa : Grupo de estudos de catálise heterogënea, 1978-1979.
Materias:
Etiquetas: Agregar Etiqueta
Sin Etiquetas, Sea el primero en etiquetar este registro!
LEADER 01026nam a22002295a 4500
001 EIQ.libpla000761
008 060518m19781979po#a#####b####100#0#por#d
005 20060518195231.0
245 1 0 |a Actas do V Simposio Iberoamericano de Catalise =  |b proceeding of the Vth ibero-american symposium on catalysis /  |c editores M. Farinha Portela e Carlos M. Pulido. 
260 |a Lisboa :  |b Grupo de estudos de catálise heterogënea,  |c 1978-1979. 
300 |a 2v. :  |b il. ;  |c 25 cm. 
500 |a Papers en portugués, inglés y español. 
504 |a Incluye referencias bibliográficas. 
111 2 |a Simpósio Ibero-Americano de Catálise  |n (5º :  |d 1979 :  |c Lisboa, Portugal) 
700 1 |a Portela, M. Farinha,  |e ed.  |4 edt 
700 1 |a Pulido, Carlos M.,  |e ed.  |4 edt 
650 4 |a Catálisis  |x Congresos. 
650 4 |a Catalysis  |x Congresses. 
040 |a AR-BbSID  |b spa  |c AR-BbSID 
041 1 |a por  |a eng  |a spa 
859 |a AR-BbSID  |b BIB. PLAPIQUI  |h 541.395  |i Si 5  |p 531  |v Vol. 1  |3 Vol. 1 
859 |a AR-BbSID  |b BIB. PLAPIQUI  |h 541.395  |i Si 5  |p 532  |v Vol. 2  |3 Vol. 2